Major process equipment maintenance and repair /

This updated edition is an invaluable source of practical cost-effective maintenance, repair, installation, and field verification procedures for machinery engineers. It is filled with step-by-step instructions and quick-reference checklists that describe preventive and predictive maintenance for ma...

Full description

Bibliographic Details
Main Author: Bloch, Heinz P., 1933-
Other Authors: Geitner, Fred K.
Format: eBook
Language:English
Published: Houston, Tex. : Gulf Pub. Co., [1997]
Edition:2nd ed.
Series:Bloch, Heinz P., 1933- Practical machinery management for process plants. v. 4.
Subjects:
Online Access:Connect to the full text of this electronic book
Table of contents
Publisher description

MARC

Tag First Indicator Second Indicator Subfields
LEADER 00000cam a2200000Ia 4500
001 in00002425177
006 m d
007 cr cn|||||||||
008 070802s1997 txua sb 001 0 eng d
005 20260609193427.5
020 |a 9780884156635 
020 |a 088415663X 
035 |a (OCoLC)162129855 
037 |a 96009:96008  |b Elsevier Science & Technology  |n http://www.sciencedirect.com 
040 |a OPELS  |c OPELS  |d OPELS  |d UtOrBLW 
049 |a TEFA 
050 1 4 |a TP157  |b .B56 1997eb 
082 0 4 |a 660/.283/0288  |2 22 
100 1 |a Bloch, Heinz P.,  |d 1933- 
245 1 0 |a Major process equipment maintenance and repair /  |c Heinz P. Bloch, Fred K. Geitner. 
250 |a 2nd ed. 
264 1 |a Houston, Tex. :  |b Gulf Pub. Co.,  |c [1997] 
264 4 |c ©1997 
300 |a xi, 699 pages :  |b illustrations ;  |c 24 cm. 
336 |a text  |b txt  |2 rdacontent 
337 |a computer  |b c  |2 rdamedia 
338 |a online resource  |b cr  |2 rdacarrier 
490 1 |a Practical machinery management for process plants ;  |v v. 4 
533 |a Electronic reproduction.  |b Amsterdam :  |c Elsevier Science & Technology,  |d 2007.  |n Mode of access: World Wide Web.  |n System requirements: Web browser.  |n Title from title screen (viewed on July 25, 2007).  |n Access may be restricted to users at subscribing institutions. 
520 |a This updated edition is an invaluable source of practical cost-effective maintenance, repair, installation, and field verification procedures for machinery engineers. It is filled with step-by-step instructions and quick-reference checklists that describe preventive and predictive maintenance for major process units such as vertical, horizontal, reciprocating, and liquid ring vacuum pumps, fans and blowers, compressors, turboexpanders, turbines, and more. Also included are sections on machinery protection, storage, lubrication, and periodic monitoring. A new section examines centrifugal pumps and explains how and why they continue to fail. More new information focuses on maintenance for aircraft derivative gas turbines. This revised edition gives special attention throughout to maintenance and repair procedures needed to ensure efficiency, performance, and long life. 
505 0 |a Part I: Installation and Repair of Major Process Equipment. Installation, maintenance, and repair of horizontal pumps. Installation, maintenance, and repair of vertical pumps. Reciprocating and liquid ring vacuum pumps. Positive displacement and dynamic blowers. Reciprocating gas engines and compressors. Part II: Maintenance for Power Generation and Transmission. Power transmission gears. Installation and maintenance of V-belt drives. Steam turbines and turboexpanders. Gas turbines. Maintenance of hydraulic governors disassembly. Maintenance of electric motors and associated apparatus. Part III: General Preventive and Predictive Maintenance. Storage protection and lubrication management. Vibration and condition monitoring. Maintainability considerations. Index. 
500 |a "Pumps, fans and blowers, mixers, compressors, turboexpanders, motors, turbines." 
504 |a Includes bibliographical references and index. 
500 |a Electronic resource. 
650 0 |a Chemical plants  |x Equipment and supplies  |x Maintenance and repair. 
650 1 7 |a Machines.  |2 gtt 
650 1 7 |a Onderhoud.  |2 gtt 
655 7 |a Electronic books.  |2 local 
700 1 |a Geitner, Fred K. 
730 0 |a Referex. 
776 1 |c Original  |z 088415663X  |z 9780884156635  |z 0872016757  |z 9780872016750  |w (DLC) 96018768  |w (OCoLC)34731634 
800 1 |a Bloch, Heinz P.,  |d 1933-  |t Practical machinery management for process plants.  |s 2nd ed ;  |v v. 4. 
856 4 0 |u http://proxy.library.tamu.edu/login?url=https://www.sciencedirect.com/science/book/9780884156635  |z Connect to the full text of this electronic book  |t 0 
856 4 2 |3 Table of contents  |u http://www.loc.gov/catdir/toc/els051/96018768.html  |t 0 
856 4 2 |3 Publisher description  |u http://www.loc.gov/catdir/description/els032/96018768.html  |t 0 
994 |a C0  |b TEF 
999 |a MARS 
999 f f |s 56dd3eea-2241-3bd8-8315-8892416da3cc  |i 72eddc85-f22d-36c4-ab81-b4cf0a28cc65  |t 0 
952 f f |a Texas A&M University  |b College Station  |c Electronic Resources  |s www_evans  |d Available Online  |t 0  |e TP157 .B56 1997eb  |h Library of Congress classification 
998 f f |a TP157 .B56 1997eb  |t 0  |l Available Online